000 00350nam a2200145Ia 4500
005 20251222144756.0
008 251222s9999||||xx |||||||||||||| ||spa||
020 _a84-321-0232-6
082 _a303.372/M58
100 _aMillón Puelles, Antonio
245 0 _aPersona humana y justicia social
250 _a5a.ed.
264 _bRialp
942 _cLIB
999 _c19539
_d19539